000 00749nam a2200217 a 4500
001 12176
003 CO-ViMGA
008 141112s2004 ck r 000 u spa d
020 _a8428314675
040 _aCO-ViMGA
_bspa
_cCO-ViMGA
082 0 4 _aMEVIECAR.6424 M169
100 1 _aMcNitt, L.,
_917241
245 1 0 _aSimulacion con ordenador :
_bejemplos en Basic
260 _aMadrid,
_cEd. Paraninfo S.A.,
_c1986
300 _a354 p.
590 _aForma de adquisición : Compra - - Precio : 12.000 - - Proveedor : FIS - - Fecha de adquisición : Sept. 23, 2000
650 1 4 _aBASIC - LENGUAJE DE PROGRAMACION DE COMPUTADORES
_917242
650 1 4 _aPROGRAMACION - COMPUTADORES
_98549
650 1 4 _aSIMULACION POR COMPUTADOR
_917243
942 _2ddc
_cBK
999 _c23190
_d23190